1728 1016 1870 1653 1526 1719 1563 1401 1394 1702 1121 1642 1721 1224 1726 1114 1125 1915 1441 1118 1459 1845 1251 1503 1767 1597 1077 1987 1439 1321 1933 1619 1566 1054 1100 1975 1009 1581 1065 1905 1288 1719 1741 1163 1917 1346 1921 1908 1498 1493 1133 1157 1286 1403 1822 1183 1810 1476 1608 1730 1124 1373 1040 1531 1242 1138 1492 1519 1034 1130 1229 1967 1215 1589 1080 1346 1395 1249 2000 1975 1804 1618 1408 1073 1057 1298 1517 1326 1707 1555 1233 1992 1620 1064 1020 1862 1152 1119 1615 BCNSPRNW ULIB Ver.6.0+V

เปลี่ยนเป็นภาษาไทย

Change to English
 แสดงรายละเอียดบรรณานุกรม
  กลับหน้าหลัก

Brief Record : Get Marc (ISO 2709) : E-mail record : QR code < ปิดหน้าต่าง
LEADER : 00000nam 2200000uu 4500
001    13399109275
003     ULIB
008    110325s2552||||th 000 0 tha d
020    9786161103170
060 04 WA546.JT3^bพ887ส
245 00 สร้างสมดุลคนสุขภาพ :^bบทเรียนจากภาพอีสาน /^cเพ็ญนภาหงษ์ทอง, บรรณาธิการ
250    พิมพ์ครั้งที่ 1
260    กรุงเทพฯ :^bพิมพ์ดี,^c2552
300    133 หน้า :^bภาพประกอบ ;^c21 ซม.
440  0  หนังสือชุดการขับเคลื่อนการจัดการกำลังคนด้านสุขภาพระดับพื้นที่
650  7 สุขภาพ
650  7 การบริหารสาธารณสุข^zไทย
700 0  เพ็ญนภา หงษ์ทอง
945    ^p0^l0^i028938
945    ^p0^l0^i034155
995    ทศพร
999 ^a ใช้งานได้ทุกระบบ
รายการนี้ยังไม่มีแท็ก
คุณยังไม่ได้ล็อกอิน คุณสามารถมีกิจกรรมร่วมกับเว็บไซต์ได้ แต่ต้องล็อกอินก่อน ::
  ล็อกอิน

รายการสื่อสารสนเทศ

ลำดับที่ ประเภท เลขเรียก/บาร์โค้ด สถานที่ สถานะ
1. วิทยาศาสตร์การแพทย์ และสุขภาพ
วิทยาศาสตร์การแพทย์ และสุขภาพ
WA546.JT3 พ887ส ฉ.2 
  Barcode: 034155
ห้องสมุดวิทยาเขตสวรรค์ประชารักษ์
►หนังสือทั่วไป
บนชั้น

รายการใกล้เคียง
    หัวเรื่อง [สุขภาพ]

BibComment


ยังไม่เคยถูกคอมเมนท์

คอมเมนท์ทรัพยากรรายการนี้
  คอมเมนท์: สร้างสมดุลคนสุขภา..


 Copyright 2026. Bcnsprnw @Library